[Event "BL2-West 1516"]
[Site "Germany"]
[Date "2015.12.13"]
[Round "4.5"]
[White "Sonntag, Hans Hubert"]
[Black "Hendriks, Willy"]
[Result "1/2-1/2"]
[WhiteElo "2364"]
[BlackElo "2395"]
[PlyCount "77"]
[EventDate "2015.09.20"]
[EventType "team-tourn"]
[EventRounds "9"]
[EventCountry "GER"]
[SourceTitle "EXT 2017"]
[Source "ChessBase"]
[SourceDate "2016.10.25"]
[SourceVersion "1"]
[SourceVersionDate "2016.10.25"]
[SourceQuality "1"]
[WhiteTeam "Aachen SV"]
[BlackTeam "Bochum"]
[WhiteTeamCountry "GER"]
[BlackTeamCountry "GER"]

1. d4 Nf6 2. c4 c5 3. d5 b5 4. cxb5 a6 5. b6 d6 6. Nc3 Qxb6 7. e4 g6 8. a4 Bg7 9. a5 Qb4 10. Ra4 Qb7 11. Bc4 0-0 12. Qd3 Bd7 13. Ra2 Bb5 14. b3 Nbd7 15. f4 e6 16. dxe6 fxe6 17. Nge2 Bc6 18. Qxd6 Kh8 19. Rd2 Rad8 20. 0-0 Bxe4 21. Qxa6 Bxg2 22. Qxb7 Bxb7 23. Rfd1 Bc6 24. Bxe6 Ra8 25. Rd6 Nb8 26. f5 gxf5 27. Nd5 Ne4 28. Nb6 Nxd6 29. Nxa8 Nb5 30. Nb6 Nd4 31. Nxd4 Bxd4+ 32. Kf1 Re8 33. Bd5 Bb5+ 34. Nc4 Nc6 35. Bd2 Rd8 36. Bxc6 Bxc6 37. Bc3 Rb8 38. Bxd4+ cxd4 39. Rxd4 1/2-1/2

[Event "BEL-chT 1516"]
[Site "Belgium"]
[Date "2015.10.11"]
[Round "2.5"]
[White "Piceu, Tom"]
[Black "Sonntag, Hans Hubert"]
[Result "1/2-1/2"]
[WhiteElo "2312"]
[BlackElo "2368"]
[PlyCount "92"]
[EventDate "2015.09.27"]
[EventType "team-tourn"]
[EventRounds "11"]
[EventCountry "BEL"]
[SourceTitle "CBM 168 Extra"]
[Source "ChessBase"]
[SourceDate "2015.10.29"]
[SourceVersion "1"]
[SourceVersionDate "2015.10.29"]
[SourceQuality "1"]
[WhiteTeam "KBSK Brugge"]
[BlackTeam "KSK Rochade"]
[WhiteTeamCountry "BEL"]
[BlackTeamCountry "BEL"]

1. d4 Nf6 2. c4 e6 3. Nc3 d5 4. Bg5 Be7 5. Nf3 h6 6. Bxf6 Bxf6 7. cxd5 exd5 8. e3 0-0 9. Bd3 c5 10. dxc5 Bxc3+ 11. bxc3 Nd7 12. 0-0 Nxc5 13. Be2 Be6 14. Nd4 Qf6 15. Nxe6 fxe6 16. c4 Rad8 17. cxd5 exd5 18. Rc1 b6 19. Bf3 d4 20. exd4 Qxd4 21. Qc2 Qd3 22. Rfe1 Qxc2 23. Rxc2 Rfe8 24. Kf1 Kf7 25. h4 Rxe1+ 26. Kxe1 Rd4 27. g3 Kf6 28. Ke2 Ke5 29. Bg2 g5 30. hxg5 hxg5 31. Bc6 Kd6 32. Bg2 Ke5 33. Rc3 Rb4 34. a3 Rb2+ 35. Ke3 a5 36. f4+ gxf4+ 37. gxf4+ Kd6 38. Bf1 b5 39. Be2 b4 40. axb4 axb4 41. Rc1 b3 42. Rd1+ Ke7 43. Rd2 Rb1 44. Rd1 Rb2 45. Rd2 Rb1 46. Rd1 Rb2 1/2-1/2

[Event "BL2-West 1415"]
[Site "Germany"]
[Date "2015.02.22"]
[Round "7.5"]
[White "Marchio, Enrico"]
[Black "Sonntag, Hans Hubert"]
[Result "1/2-1/2"]
[WhiteElo "2338"]
[BlackElo "2372"]
[PlyCount "105"]
[EventDate "2014.09.21"]
[EventType "team-tourn"]
[EventRounds "9"]
[EventCountry "GER"]
[SourceTitle "CBM 166 Extra"]
[Source "ChessBase"]
[SourceDate "2015.06.18"]
[SourceVersion "1"]
[SourceVersionDate "2015.06.18"]
[SourceQuality "1"]
[WhiteTeam "Schoeneck"]
[BlackTeam "Aachen SV"]
[WhiteTeamCountry "GER"]
[BlackTeamCountry "GER"]

1. b3 e5 2. e3 Nf6 3. Bb2 Nc6 4. c4 g6 5. d4 exd4 6. exd4 d5 7. Nf3 Bg7 8. Be2 0-0 9. Nc3 Bg4 10. 0-0 dxc4 11. Bxc4 Bxf3 12. Qxf3 Qxd4 13. Rad1 Qh4 14. Ba3 Ng4 15. Qh3 Qxh3 16. gxh3 Rfd8 17. hxg4 Bxc3 18. Bd5 Bd4 19. Bxc6 bxc6 20. Rd2 Rd5 21. Kg2 Bb6 22. Rc2 Rad8 23. Re1 h5 24. h3 hxg4 25. hxg4 Rd2 26. Re2 Rxe2 27. Rxe2 f5 28. Kg3 fxg4 29. Kxg4 Rd5 30. f3 Kf7 31. Re7+ Kf6 32. Re4 Rd2 33. Be7+ Kf7 34. a4 c5 35. Bh4 Rd3 36. Re7+ Kf8 37. Re6 Rxb3 38. Kg5 Kf7 39. Rf6+ Ke8 40. Kxg6 c4 41. f4 Bd4 42. Re6+ Kd7 43. f5 Rb6 44. Kf7 c3 45. Bg5 c2 46. Re7+ Kc8 47. Re1 Rb1 48. Rc1 Rxc1 49. Bxc1 Kb7 50. Ke6 Kc6 51. f6 a5 52. f7 Bg7 53. Be3 1/2-1/2